Awakening , Journeys, Dialogues (Record no. 186764)

000 -LEADER
fixed length control field 01271 a2200229 4500
003 - CONTROL NUMBER IDENTIFIER
control field Nust
005 - DATE AND TIME OF LATEST TRANSACTION
control field 20230525114629.0
020 ## - INTERNATIONAL STANDARD BOOK NUMBER
International Standard Book Number 0021246300
022 ## - INTERNATIONAL STANDARD SERIAL NUMBER
International Standard Serial Number 0021247706
040 ## - CATALOGING SOURCE
Transcribing agency Nust
082 ## - DEWEY DECIMAL CLASSIFICATION NUMBER
Classification number 823, ANA
100 ## - MAIN ENTRY--PERSONAL NAME
Personal name Anastasio, Daina
9 (RLIN) 112583
245 ## - TITLE STATEMENT
Title Awakening , Journeys, Dialogues
Statement of responsibility, etc. Dina Anastasio , Warren Halliburton , Laurence Swinburne & Alam Whitney
Medium Senior authors Carl B. Smith, Ronald Wardhaugh , Literature Consultant[etc]
250 ## - EDITION STATEMENT
Edition statement Three-in-one-edition
260 ## - PUBLICATION, DISTRIBUTION, ETC.
Place of publication, distribution, etc. Macmillan Publishing Co.,Inc
Name of publisher, distributor, etc. New York
Date of publication, distribution, etc. 1975
300 ## - PHYSICAL DESCRIPTION
Extent 96, p.;
Other physical details illus
Dimensions digras
Accompanying material 24 cm
490 ## - SERIES STATEMENT
Volume/sequential designation Levels 31,32,33
505 ## - FORMATTED CONTENTS NOTE
Formatted contents note Dear Reader (Page-6), A Lesson In Reading (Page-8), Name Form Literature(Page-17), A Debt To Dickens (Page-18), Nantucket (Page-26), An Extra Indian (Page-32),Vincent The Good And The Electric Train (Page-42), Waulewa Eagle (Page-52), General And Specific Words (Page-59), Some Who Flew (Page-60), Beach Fire (Page-62), New Expression Using Verbs (Page-63), The Cheetah Remembers (Page-64), Excuse Us (Page-75), My Childhood (Page-76),More Than One Way (Page-83), Mowkoom And Bundar (Page-84), Dreams (Page-90), I Dream A World (Page-92).
600 ## - SUBJECT ADDED ENTRY--PERSONAL NAME
Personal name Anastasio, Daina
9 (RLIN) 112583
650 ## - SUBJECT ADDED ENTRY--TOPICAL TERM
Topical term or geographic name entry element Stories
9 (RLIN) 107557
942 ## - ADDED ENTRY ELEMENTS (KOHA)
Source of classification or shelving scheme
Koha item type Book
Holdings
Withdrawn status Lost status Source of classification or shelving scheme Damaged status Not for loan Permanent Location Current Location Shelving location Date acquired Full call number Barcode Date last seen Price effective from Koha item type Public note
          Military College of Signals (MCS) Military College of Signals (MCS) Fiction 12/12/2016 823,ANA MCS5934 12/08/2016 12/12/2016 Book Almirah No.57, Shelf No.5
© 2023 Central Library, National University of Sciences and Technology. All Rights Reserved.